Rozhodovacie stromy v ekonomickej praxi diplomová práca

Salvato in:
Dettagli Bibliografici
Autore principale: Kmeťová, Ivana
Ente Autore: Fakulta hospodárskej informatiky EU. Katedra operačného výskumu a ekonometrie
Altri autori: Brezina, Ivan, 1963-
Natura: Libro
Lingua:slovacco
Pubblicazione: Bratislava 2020
Tags: Aggiungi Tag
Nessun Tag, puoi essere il primo ad aggiungerne!!

MARC

LEADER 00000nbm a2200000 4500
001 0266839
005 20210506112221.7
041 0 |a slo 
044 |a SK 
245 1 0 |a Rozhodovacie stromy v ekonomickej praxi  |b diplomová práca  |c Ivana Kmeťová ; školiteľ: Ivan Brezina 
264 1 |a Bratislava  |c 2020 
300 |a 60 s. 
100 1 |a Kmeťová, Ivana 
700 1 |a Brezina, Ivan, 1963- 
710 2 |a Fakulta hospodárskej informatiky EU. Katedra operačného výskumu a ekonometrie